=LDR 00000nam 2200000 4500 =001 INLIS000000000036708 =005 20130612142458 =008 ***********************************Ind** =035 ##$$0010-061300000036708 =041 ##$$a Ind =082 ##$$a 553.8 =090 ##$$a 553.8, Par m =100 ##$$a Paramita, Mahardi =245 ##$$a Mengulas tuntas dan sapphire beserta syuthetic dan tiruannya, Mahardi Paramita ; editor, Thees Emiv =260 ##$$a 2010 $b Jakarta =300 ##$$a 84 hlm, ilus, 21 cm =650 ##$$a Batu Permata =850 ##$$a NBPNMAT